00410nam a2200109Ia 4500008004100000020001800041100003200059245002000091942005100111999001900162952011900181220601s9999 xx 000 0 und d a9780799339321 a Van Eeden, Dianne 988731 0aN PRAGTIGE DEEL cBKw561xJohn Tresiddery296zPhillipina Naude c665247d665246 00104070aMHLUZLbMHLUZLd2022-06-01g90.00l0oAF VANEp33228022831331r2022-06-01w2022-06-01yBKz0 940096452